00418nam a22001577a 450000500170000001000140001702000250003103500130005603700130006908200100008210000180009224500440011026000390015427000470019330000200024020100812123040.0 aENG-99922 a9789380024745c90.00 aEN-83454 bDBAD/PUB a005.1 aPalanisamy ,K aSoftware engineering /cby K Palanisamy aErodebPallavi Publications c2009 a194, Kanna Complex Mettur Road bErodee11 a175pc21cm(pbk)